Harry Potter opettajat - Statistics

Yleistilastot
  • Tätä visaa on pelattu 161 kertaa
  • Keskiarvotulos 12 / 20
Vastaustilastot
Hint Vastaus % Oikein
Severus Kalkaros Taikajuomat
96%
Sibylla Punurmio Ennustus
80%
Dolores Pimento Pimeyden voimilta suojautuminen
75%
Remus Lupin Pimeyden voimilta suojautuminen
73%
Alastor Vauhkomieli Pimeyden voimilta suojautuminen
72%
Horatius Kuhnusarvio Taikajuomat
70%
Filius Lipetit Loitsut
67%
Quirinus Orave Pimeyden voimilta suojautuminen
67%
Gilderoy Lockhart Pimeyden voimilta suojautuminen
67%
Minerva McGarmiwa Muodonmuutokset
64%
Matami Huiski Lentäminen
60%
Rubeus Hagrid Taikaolentojen hoito
59%
Pomona Verso Yrttitieto
51%
Wilhelmina Matoisa-Lankku Taikaolentojen hoito
47%
Amikus Carrow Pimeyden voimilta suojautuminen
46%
Amore Burbage Jästitieto
38%
Cuthbert Binns Taikuuden historia
38%
Aurora Sinistra Tähtitiede
36%
Septima Vektor Numerologia
30%
Alekto Carrow Jästitieto
29%
Ehtoja vastaavia visoja ei löytynyt
Tulosjakauma
Jokaisen tuloksen saaneiden osuus
Persentiili vastausten määrän mukaan
Tuloshistoriasi
Et ole pelannut tätä visaa